Sabrina Carpenter - Good Graces Lyrics - Statistics

General Stats
  • This quiz has been taken 103 times
  • The average score is 333 of 388
Answer Stats
Answer % Correct
(I
100%
I
100%
you)
100%
you
100%
You
100%
good
98%
graces
98%
in
98%
no
98%
(No)
98%
No
98%
a
97%
like
97%
Like
97%
(Like
97%
my
97%
should
97%
stay
97%
it
95%
that
95%
that)
95%
complicated
94%
into
94%
lovin'
92%
not
92%
So
92%
so
92%
(So
92%
At
91%
Boy
91%
hatred
91%
it's
91%
on
91%
amazin'
89%
(Amazin')
89%
do
89%
give
89%
more
89%
turnin'
89%
about
88%
an
88%
fast
88%
fast)
88%
fuck
86%
up
86%
'Cause
84%
Don't
84%
don't
84%
one's
84%
won't
84%
won't)
84%
And
83%
and
83%
I'll
83%
I'm
83%
Oh
83%
oh
83%
(Oh)
83%
your
83%
love
81%
bye
80%
of
80%
switch
80%
When
80%
angel
78%
me
78%
sweet
78%
the
78%
some
77%
cute
75%
guys
75%
heart
73%
know
73%
sus
73%
somethin'
72%
advice
70%
ass
70%
athlete
70%
favorite
70%
lots
70%
second
70%
movin'
69%
tell
69%
waste
69%
With
69%
let
67%
being
64%
chores
64%
kiss
64%
mine?
64%
prematurely
64%
suspect
64%
finish
63%
world
63%
Yeah
61%
(Yeah)
61%
Break
59%
mistake
59%
dreamin'
58%
for
58%
say
58%
Drawin'
56%
naive
56%
nice
56%
really
56%
hearts
55%
Baby
53%
names
53%
our
52%
swear
52%
this
52%
rockin'
50%
writing
50%
cradles
48%
every
48%
night
48%
other
48%
'round
48%
vows
48%
Want
47%
need
45%
mm
44%
Mm
44%
Or
42%
Shoot
38%
shot
38%
his
28%
No matching quizzes found
Score Distribution
Percent of People with Each Score
Percentile by Number Answered
Your Score History
You have not taken this quiz